Indian Polity/ (Record no. 214451)

MARC details
000 -LEADER
fixed length control field 00598nam a2200205 4500
010 ## - LCCN (DPL NO)
LC control number ENG-147634
020 ## - INTERNATIONAL STANDARD BOOK NUMBER
International Standard Book Number 9789370604261
Terms of availability 625.00
035 ## - SYSTEM CONTROL NUMBER
System control number EN-131166
037 ## - SOURCE OF ACQUISITION
Source of stock number/acquisition DBAD
082 ## - DEWEY DECIMAL CLASSIFICATION NUMBER
Classification number 320.954
Item number 1
100 ## - MAIN ENTRY--PERSONAL NAME
Personal name Dubey Sanjay,Dubey Apurva
245 ## - TITLE STATEMENT
Title Indian Polity/
Remainder of title by Sanjay Dubey,Apurva Dubey
250 ## - EDITION STATEMENT
Edition statement 1
260 ## - PUBLICATION, DISTRIBUTION, ETC. (IMPRINT)
Name of publisher, distributor, etc Wiley India pvt.Ltd
Date of publication, distribution, etc 2025
Place of publication, distribution, etc New Delhi
270 ## - ADDRESS
Address 4436/7,Ansari Road, Daryaganj
City New Delhi
Postal code 110002
300 ## - PHYSICAL DESCRIPTION
Extent p.848
Dimensions 24cm(pb)
700 ## - ADDED ENTRY--PERSONAL NAME
Personal name Geethu Vb
9 (RLIN) 86795
700 ## - ADDED ENTRY--PERSONAL NAME
Personal name Amruth m
9 (RLIN) 86796
942 ## - ADDED ENTRY ELEMENTS (KOHA)
Source of classification or shelving scheme Dewey Decimal Classification
Item type English Books
Classification part 324.954
Call number suffix Dub
Holdings
Withdrawn status Lost status Not for loan Collection code Home library Current library Date acquired Source of acquisition Cost, normal purchase price Full call number Barcode Copy number Cost, replacement price Koha item type
    Not For Loan Non-fiction Ashok Vihar Ashok Vihar 22/01/2026 DBAD 625.00 324.954 Dub EN-131166 1 625.00 English Books

© Delhi Public Library
Hit Counter
free hit counter